Análisis de textos, antología /

Guardado en:
Autor Principal: Lacau, Maria H. P. Mujica De
Formato: Libro
Publicado: Argentina : Kapelusz, 1970
Etiquetas: Agregar Etiqueta
Sin Etiquetas, Sea el primero en etiquetar este registro!
LEADER 00415nam a22001455a 4500
001 CEM.cems003679
005 19000101000000.0
008 130507s1970##################000#0#####d
003 CEMS
082 0 4 |a 468.6 
100 1 |a Lacau, Maria H. P. Mujica De 
245 1 0 |a Análisis de textos, antología / 
260 |a Argentina :  |b Kapelusz,  |c 1970 
300 |a 259 p. 
859 |a CEMS  |b BIB. CEMS - 11 de abril  |h 468.6  |i L116-1/I  |p 2457.74  |t Ej.1